000 00514nam a22001577a 4500
005 20251108165402.0
008 250721s2000 xx 000 0 ara d
082 1 4 _a657.48/مطر
100 1 _aمطر، محمد
_eمؤلف
245 1 0 _aالمحاسبة المالية :
_bمشاكل القياس والافصاح والتحليل /
264 1 _aعمان :
_bدار حنين،
_c2000.
300 _a391 ص
650 1 7 _aالمحاسبة " السجلات الماليـة"
942 _2ddc
_cBK
999 _c26644
_d26644